000 00410cam a22001337a 4500
008 180718b1989 xxu||||| |||| 00| 0 eng d
082 _aI5 V26
100 _aErve, Marc van der
245 _aPower of tomorrow's management: using the vision-culture balance in organizations
_cby Marc Van Der Erve
260 _aOxford
_bHeinemann
_c1989
300 _a219p.
650 _aCorporate culture
650 _aManagement
999 _c355923
_d355923